Sławni dyktatorzy #1 - Statystyki

Ogólne statystyki
  • Ten quiz został rozwiązany 3 839 razy
  • Średni wynik to 12 z 22
Statystyki odpowiedzi
Dyktator Państwo % Poprawnych
Adolf Hitler Niemcy
100%
Benito Mussolini Włochy
99%
Mao Zedong Chiny
98%
Napoleon Bonaparte Francja
93%
Kim Dzong-il Korea Północna
92%
Fidel Castro Kuba
83%
Saddam Husajn Irak
77%
Leonid Breżniew Związek Radziecki
74%
Francisco Franco Hiszpania
71%
Nicolae Ceausescu Rumunia
69%
Josip Broz Tito Jugosławia
67%
Mu’ammar al-Kaddafi Libia
56%
Augusto Pinochet Chile
42%
François "Papa Doc" Duvalier Haiti
25%
Hosni Mubarak Egipt
23%
Idi Amin Uganda
22%
Mobutu Sese Seko Zair
22%
Robert Mugabe Zimbabwe
17%
Manuel Noriega Panama
15%
Sulla Rzym
12%
Rafael Trujillo Dominikana
10%
Ferdinand Marcos Filipiny
10%
Nie znaleziono quizów pasujących do podanych kryteriów
Rozkład punktacji
Procent ludzi z każdym wynikiem
Percentyl według liczby udzielonych odpowiedzi
Twoja historia wyników
Nie rozwiązałeś tego quizu